000 00811cam a2200277 i 4500
001 13675
003 BD-RjUL
005 20211208235508.0
008 140201s1976 enka b 001 0 eng
020 _a0333186559
035 _a(BD-RjUL)13727
040 _aDLC
_cBD-RjUL
_dBD-RjUL
_beng
041 _aeng
082 0 0 _a621.38173
_bJOE 1976
100 1 _aJowett, C. E.
_q(Charles Eric)
_942807
245 1 4 _aThe engineering of microelectronic thin and thick films /
_c[by] C. E. Jowett.
260 _aLondon :
_bMacmillan,
_c1976.
300 _avii, 176 p. :
_bill. ;
_c24 cm.
500 _aIncludes index.
504 _aBibliography: p. 168-174.
650 0 _aThin-film circuits.
_942808
650 0 _aThick-film circuits.
_942809
942 _2ddc
_cBK
999 _c13675
_d13675